00681nam a2200241 a 4500001001300000003000900013005001700022008004100039020001000080082001700090100002000107245002900127260003000156300000900186500003500195505001700230650002500247700002000272902000800292942000700300952011700307999001500424nice12345678IN_TiNIC20260116012021.0050524s1894 luca grp 000 0 per  ac10000a891.51bHAF1 aHafiz, Sheerazi aDiwan-E-Hafiz Ma Farhang aLucknowbNami Pressc1894 a376p aincludes index and biblioraphy2 aBibliography aPersian Poetry-Hafiz1 aHafiz, Sheerazi bSRS cBK 001040708StackRoom-aHMIbHMId2007-06-01g100.00l0o891.51 HAF1p09480r2007-06-01v100.00w2005-05-24yBK c5301d5301